Manejo y entretenimiento de los motores eléctricos / (Record no. 148606)

MARC details
000 -LEADER
campo de control de longitud fija 00740nam a2200181 i 4500
001 - NÚMERO DE CONTROL
campo de control 148606
003 - IDENTIFICADOR DE NÚMERO DE CONTROL
campo de control ES-MaACL
005 - FECHA Y HORA DE LA ÚLTIMA TRANSACCIÓN
campo de control 20250814052159.0
007 - CAMPO FIJO DE DESCRIPCIÓN FÍSICA--INFORMACIÓN GENERAL
campo de control de longitud fija t|
008 - DATOS DE LONGITUD FIJA--INFORMACIÓN GENERAL
campo de control de longitud fija 070214q1951 sp r ||||1| spa d
100 1# - ENTRADA PRINCIPAL--NOMBRE DE PERSONA
Nombre de persona Stubbings, G. W.
9 (RLIN) 108487
245 10 - MENCIÓN DEL TÍTULO
Título Manejo y entretenimiento de los motores eléctricos /
Mención de responsabilidad, etc. G. W. Stubbings ; versión castellana de la 3ª edición inglesa, ampliada con con capítulo sobre alternadores por... D. Eduardo Palanca M. Fortún.
260 ## - PUBLICACIÓN, DISTRIBUCIÓN, ETC.
Lugar de publicación, distribución, etc. Madrid [etc.] :
Nombre del editor, distribuidor, etc. Dossat,
Fecha de publicación, distribución, etc. [1951?] (
Lugar de fabricación/manufactura Alcalá de Henares :
Fabricante Tall. Penitenciarios)
300 ## - DESCRIPCIÓN FÍSICA
Extensión 6 h., 214 p. :
Otras características físicas il. ;
Dimensiones 22 cm.
650 #7 - PUNTO DE ACCESO ADICIONAL DE MATERIA--TÉRMINO DE MATERIA
Término de materia o nombre geográfico como elemento de entrada Motores eléctricos
Fuente del encabezamiento o término embne
9 (RLIN) 153352
852 ## - LOCALIZACIÓN
Ubicación ES-MaACL
Número de control de estantería D-9140
Sublocalización o colección R.33429
Holdings
Estatus retirado Estado de pérdida Estado de daño No para préstamo Biblioteca de origen Biblioteca actual Ubicación en estantería Fecha de adquisición Fuente de adquisición Total de préstamos Signatura topográfica completa Código de barras Visto por última vez Precio de reemplazo Tipo de ítem Koha
        Biblioteca del Ateneo de Madrid Biblioteca del Ateneo de Madrid Sala Valle Inclán 17/01/2008     D-9140 901155079 23/02/2023 23/02/2023 Libro impreso